[Event "47th IT Bosna 2017"]
[Site "Sarajevo"]
[Date "2017.05.15"]
[Round "4.7"]
[White "Blagojevic, Dragisa"]
[Black "Burovic, Rijad"]
[Result "1/2-1/2"]
[WhiteElo "2480"]
[BlackElo "2290"]
[PlyCount "39"]
[EventDate "2017.05.13"]

1. d4 g6 2. c4 Bg7 3. Nf3 d6 4. Nc3 Nf6 5. g3 O-O 6. Bg2 Nc6 7. O-O e5 8. dxe5
dxe5 9. Bg5 Be6 10. Qc1 Qc8 11. Rd1 Re8 12. Nd5 Nd7 13. Ne1 f6 14. Be3 Nd8 15.
Nd3 c6 16. Nc3 f5 17. Na4 Bf7 18. b3 e4 19. Ndb2 Ne6 20. Nc3 1/2-1/2

[Event "47th IT Bosna 2017"]
[Site "Sarajevo"]
[Date "2017.05.15"]
[Round "4.8"]
[White "Kilic, Efe Mert"]
[Black "Stojanovic, Dalibor"]
[Result "0-1"]
[WhiteElo "2284"]
[BlackElo "2478"]
[PlyCount "102"]
[EventDate "2017.05.13"]

1. e4 e5 2. f4 exf4 3. Nc3 Qh4+ 4. Ke2 Qe7 5. Kf2 Nf6 6. Nf3 d6 7. d4 Ng4+ 8.
Kg1 Ne3 9. Bxe3 fxe3 10. Bd3 g6 11. Qe2 Bg7 12. Nd5 Qd8 13. Nxe3 O-O 14. h4 c5
15. c3 cxd4 16. Nxd4 Nc6 17. Nf3 Ne5 18. Rd1 Be6 19. Bb1 Qb6 20. Qf2 Rae8 21.
h5 Qd8 22. Nd4 Ng4 23. Nxg4 Bxg4 24. Nf3 Bxh5 25. Qxa7 b6 26. Qa6 Bxf3 27. gxf3
Be5 28. Qe2 Qf6 29. Qg2 Bf4 30. Qh3 h5 31. Kf2 Re5 32. Bc2 Rfe8 33. Bb3 Rg5 34.
Rhg1 Ree5 35. Qd7 Rxg1 36. Rxg1 Kg7 37. Ke2 Bh6 38. Rf1 Qf4 39. Kd3 d5 40. Bxd5
Qd2+ 41. Kc4 Qe2+ 42. Kb3 Rxd5 43. Qxd5 Qxf1 44. Qd4+ Kg8 45. Qxb6 Qd1+ 46. Kc4
Qxf3 47. Qd4 Bf8 48. e5 Qe2+ 49. Kd5 Qxb2 50. a4 h4 51. Qxh4 Qxc3 0-1

[Event "47th IT Bosna 2017"]
[Site "Sarajevo"]
[Date "2017.05.15"]
[Round "4.9"]
[White "Terzic, Ilijas"]
[Black "Lajthajm, Borko"]
[Result "0-1"]
[WhiteElo "2163"]
[BlackElo "2428"]
[PlyCount "79"]
[EventDate "2017.05.13"]

1. d4 Nf6 2. Nf3 e6 3. c4 b6 4. Nc3 Bb4 5. Bg5 h6 6. Bh4 Bb7 7. e3 Bxc3+ 8.
bxc3 d6 9. Be2 Nbd7 10. Nd2 g5 11. Bg3 Bxg2 12. Rg1 Bb7 13. Bf3 Bxf3 14. Qxf3
Rb8 15. a4 Qc8 16. a5 Qb7 17. e4 Rg8 18. Qe2 Rg6 19. a6 Qa8 20. e5 dxe5 21. d5
exd5 22. Bxe5 Kf8 23. O-O-O Re8 24. f4 Qc6 25. Nf3 gxf4 26. Rge1 dxc4 27. Rd4
Qa4 28. Qxc4 Qa1+ 29. Kc2 Rg2+ 30. Rd2 Rxd2+ 31. Kxd2 Qb2+ 32. Kd1 Qf2 33. Qxf4
Nxe5 34. Qxh6+ Kg8 35. Qxf6 Qxf3+ 36. Qxf3 Rd8+ 37. Kc2 Nxf3 38. Re7 Rc8 39.
Re3 Nh4 40. Kd1 0-1

[Event "47th IT Bosna 2017"]
[Site "Sarajevo"]
[Date "2017.05.15"]
[Round "4.10"]
[White "Temizkan, Denizcan"]
[Black "Sarenac, David"]
[Result "1/2-1/2"]
[WhiteElo "2124"]
[BlackElo "2346"]
[PlyCount "72"]
[EventDate "2017.05.13"]

1. d4 d5 2. c4 e6 3. Nc3 c6 4. e3 f5 5. Nf3 Nf6 6. Be2 Bd6 7. O-O O-O 8. Ne5
Nbd7 9. f4 Ne4 10. Nxe4 fxe4 11. Bd2 Nxe5 12. fxe5 Be7 13. Qb3 Rxf1+ 14. Rxf1
Qb6 15. Bg4 Qxb3 16. axb3 Bd7 17. Ra1 Kf7 18. Kf2 g6 19. Be2 a6 20. g3 h5 21.
h4 Rh8 22. Rh1 g5 23. Kg2 Kg7 24. Be1 Be8 25. g4 Bf7 26. hxg5 Bxg5 27. Bh4 Kh6
28. Bxg5+ Kxg5 29. gxh5 Bxh5 30. Kg3 Rh6 31. Bxh5 Rxh5 32. Rf1 Rh6 33. Rf7 Rh1
34. Rg7+ Kf5 35. Rf7+ Kg5 36. Rg7+ Kf5 1/2-1/2

[Event "47th IT Bosna 2017"]
[Site "Sarajevo"]
[Date "2017.05.15"]
[Round "4.11"]
[White "Damljanovic, Branko"]
[Black "Velikic, Adela"]
[Result "1-0"]
[WhiteElo "2543"]
[BlackElo "2204"]
[PlyCount "123"]
[EventDate "2017.05.13"]

1. d4 d5 2. c4 c6 3. Nf3 Nf6 4. g3 Bf5 5. Nc3 e6 6. Bg2 Be7 7. Nh4 Be4 8. f3
Bg6 9. Nxg6 hxg6 10. Qb3 Na6 11. Bf4 Nh5 12. Be3 Nf6 13. Bf4 Nh5 14. Be3 dxc4
15. Qxc4 Nb4 16. Qb3 Nf6 17. Bf2 Qa5 18. a3 O-O 19. O-O Nbd5 20. e4 Nb6 21.
Rfd1 Rfd8 22. Be1 Qh5 23. g4 Qh6 24. Bf2 Nfd7 25. a4 Bh4 26. Bxh4 Qxh4 27. a5
Nc8 28. h3 Rb8 29. Ne2 Qe7 30. f4 Nd6 31. Qa3 Kf8 32. e5 Nb5 33. Qxe7+ Kxe7 34.
a6 Nb6 35. axb7 Nd5 36. Rdc1 Kd7 37. Ra6 Rxb7 38. Raxc6 Nbc7 39. R1c2 Rdb8 40.
Rd6+ Ke7 41. Nc3 Rxb2 42. Rxb2 Rxb2 43. Bxd5 Nxd5 44. Nxd5+ exd5 45. Rxd5 Rd2
46. Kf1 a5 47. Ke1 Ra2 48. f5 gxf5 49. gxf5 Ke8 50. Rb5 a4 51. d5 a3 52. Rb8+
Kd7 53. e6+ fxe6 54. fxe6+ Kd6 55. Rd8+ Ke7 56. Rd7+ Ke8 57. Ra7 Ra1+ 58. Ke2
Ra2+ 59. Kd3 Ra1 60. Kd2 Ra2+ 61. Kc3 Rh2 62. d6 1-0

[Event "47th IT Bosna 2017"]
[Site "Sarajevo"]
[Date "2017.05.15"]
[Round "4.12"]
[White "Savic, Miodrag R"]
[Black "Buzeti, Jernej"]
[Result "1-0"]
[WhiteElo "2512"]
[BlackElo "2196"]
[PlyCount "107"]
[EventDate "2017.05.13"]

1. e4 c5 2. Nf3 d6 3. c3 Nf6 4. h3 Nc6 5. Bd3 d5 6. exd5 Qxd5 7. Qe2 e6 8. O-O
Be7 9. Rd1 O-O 10. Bc4 Qh5 11. d3 b6 12. Nbd2 Bb7 13. Re1 Kh8 14. Bb3 Na5 15.
Bc2 Qd5 16. Ne4 Rad8 17. Bg5 Ng8 18. Bf4 Nc6 19. Bc7 Rc8 20. Bb3 Qd7 21. Bh2 h6
22. Rad1 Rfd8 23. Ba4 Qe8 24. Qe3 a6 25. Bc2 Nf6 26. Bb1 Nd5 27. Qe2 Nf6 28.
Bf4 Nd5 29. Bc1 Bf8 30. Qc2 f5 31. Ng3 Qf7 32. Qe2 Re8 33. d4 cxd4 34. Nxd4
Nxd4 35. Rxd4 Bc5 36. Rd3 a5 37. c4 Nf6 38. b3 Qg6 39. Be3 Ne4 40. Bxc5 Rxc5
41. Nxe4 fxe4 42. Rg3 Rg5 43. Rxg5 Qxg5 44. Bxe4 Bxe4 45. Qxe4 Qc5 46. Qe5 Qb4
47. Rd1 Qc5 48. Qd6 Kh7 49. Rd3 Rf8 50. Rd2 a4 51. Qxe6 axb3 52. axb3 Qb4 53.
Qd6 Qc3 54. Qd3+ 1-0

[Event "47th IT Bosna 2017"]
[Site "Sarajevo"]
[Date "2017.05.15"]
[Round "4.13"]
[White "Sitnic, Adnan"]
[Black "Milanovic, Danilo"]
[Result "0-1"]
[WhiteElo "2235"]
[BlackElo "2510"]
[PlyCount "50"]
[EventDate "2017.05.13"]

1. e4 c5 2. f4 d5 3. exd5 Nf6 4. Bb5+ Bd7 5. Bxd7+ Qxd7 6. c4 e6 7. Qe2 Bd6 8.
dxe6 fxe6 9. d3 O-O 10. Nf3 Nc6 11. Nc3 Rae8 12. O-O e5 13. f5 Nd4 14. Qd1 Nxf5
15. Bg5 Ng4 16. Nd5 h6 17. h3 hxg5 18. hxg4 Ng3 19. Re1 Qxg4 20. Qd2 e4 21.
Qxg5 exf3 22. Nf6+ Rxf6 23. Rxe8+ Kf7 24. Qxg4 f2+ 25. Kh2 Rh6+ 0-1

[Event "47th IT Bosna 2017"]
[Site "Sarajevo"]
[Date "2017.05.15"]
[Round "4.14"]
[White "Drasko, Milan"]
[Black "Kamberovic, Senad"]
[Result "1-0"]
[WhiteElo "2446"]
[BlackElo "2158"]
[PlyCount "71"]
[EventDate "2017.05.13"]

1. Nf3 Nf6 2. g3 g6 3. Bg2 Bg7 4. O-O O-O 5. d4 d6 6. c4 c6 7. Nc3 Qa5 8. e4
Qh5 9. Ng5 Qxd1 10. Rxd1 h6 11. Nf3 Nbd7 12. b3 Rb8 13. h3 Re8 14. Be3 a6 15.
e5 dxe5 16. Nxe5 Nxe5 17. dxe5 Nd7 18. f4 f6 19. exf6 Bxf6 20. Rac1 Bxc3 21.
Rxc3 Nf6 22. Bb6 Bf5 23. g4 Be6 24. Re3 Kf7 25. Rde1 Nd7 26. Ba5 Nf8 27. Bb4
Kf6 28. Ba5 Bd7 29. Bc3+ Kf7 30. Bb4 Be6 31. Re5 Rbd8 32. f5 gxf5 33. gxf5 Bc8
34. Bf3 Kf6 35. Rxe7 Bd7 36. Bh5 1-0

[Event "47th IT Bosna 2017"]
[Site "Sarajevo"]
[Date "2017.05.15"]
[Round "4.15"]
[White "Kapetanovic, Edin"]
[Black "Stankovic, Milos"]
[Result "1-0"]
[WhiteElo "2182"]
[BlackElo "2406"]
[PlyCount "143"]
[EventDate "2017.05.13"]

1. e4 c5 2. Nf3 d6 3. d4 cxd4 4. Nxd4 Nf6 5. Nc3 Bd7 6. g3 Nc6 7. Bg2 Qc8 8. h3
g6 9. Nde2 h5 10. b3 Bg7 11. Bb2 h4 12. g4 Nxg4 13. hxg4 Bxg4 14. f3 h3 15.
fxg4 hxg2 16. Rxh8+ Bxh8 17. Qd3 Qxg4 18. O-O-O Rc8 19. Nd5 Bxb2+ 20. Kxb2 Ne5
21. Qe3 Nf3 22. Ng1 Ng5 23. Re1 Rc5 24. c4 Kf8 25. e5 Qf5 26. exd6 exd6 27. Re2
Qe5+ 28. Qxe5 dxe5 29. Rxe5 Ne6 30. Re2 b5 31. Kc3 bxc4 32. bxc4 Rc6 33. Rxg2
Nc5 34. Nf3 Ne4+ 35. Kd4 Nd6 36. Ne5 Nf5+ 37. Kc3 Rc8 38. Rb2 Nd6 39. Rb4 Kg7
40. Ra4 g5 41. Kd3 Re8 42. Ra6 Rxe5 43. Rxd6 g4 44. Ne3 f5 45. Kd4 Re4+ 46. Kd3
Re5 47. Nd5 g3 48. Nf4 Ra5 49. Kd4 Kf7 50. Rd5 Rxa2 51. Rxf5+ Ke8 52. Rg5 Rd2+
53. Kc5 Rf2 54. Nd3 Rf3 55. Ne5 Ra3 56. Kd6 Ra6+ 57. Kd5 Ra3 58. c5 Ke7 59. Rg6
a5 60. Re6+ Kf8 61. Rg6 Ke7 62. c6 Rc3 63. Kd4 Rc1 64. Rxg3 Kd6 65. Rg6+ Kc7
66. Nc4 a4 67. Kd5 a3 68. Rg7+ Kc8 69. Nxa3 Rd1+ 70. Kc5 Kb8 71. Nb5 Rh1 72.
Rg8# 1-0

[Event "47th IT Bosna 2017"]
[Site "Sarajevo"]
[Date "2017.05.15"]
[Round "4.16"]
[White "Jakovljevic, Vlado"]
[Black "Obuca, Bajro"]
[Result "1-0"]
[WhiteElo "2384"]
[BlackElo "2117"]
[PlyCount "59"]
[EventDate "2017.05.13"]

1. Nf3 Nf6 2. c4 e6 3. Nc3 d5 4. d4 c6 5. e3 Bd6 6. Bd3 Nbd7 7. O-O h6 8. e4
dxe4 9. Nxe4 Nxe4 10. Bxe4 Nf6 11. Bc2 O-O 12. b3 Re8 13. Bb2 b6 14. Re1 Bb7
15. Qd3 Qc7 16. Re2 Rad8 17. Rae1 Bb4 18. d5 e5 19. Bxe5 Rxe5 20. Nxe5 Bxe1 21.
Ng4 Kf8 22. Nxf6 gxf6 23. Qh7 Bxf2+ 24. Kf1 Be3 25. Qh8+ Ke7 26. Rxe3+ Kd6 27.
Qxf6+ Kc5 28. b4+ Kxb4 29. Qc3+ Kc5 30. Qa3+ 1-0

[Event "47th IT Bosna 2017"]
[Site "Sarajevo"]
[Date "2017.05.15"]
[Round "4.17"]
[White "Krstonijevic, Stjepan"]
[Black "Nestorovic, Dejan"]
[Result "1/2-1/2"]
[WhiteElo "2155"]
[BlackElo "2375"]
[PlyCount "103"]
[EventDate "2017.05.13"]

1. d4 Nf6 2. c4 e6 3. g3 Bb4+ 4. Bd2 Qe7 5. a3 Bxd2+ 6. Qxd2 d6 7. Bg2 e5 8.
Nc3 O-O 9. Nf3 Re8 10. O-O Bg4 11. e3 Bxf3 12. Bxf3 e4 13. Bg2 c6 14. Rac1 Nbd7
15. b4 Nb6 16. Nd1 d5 17. cxd5 cxd5 18. Nb2 Qd7 19. Rc5 Nc8 20. Rfc1 Nd6 21.
Rc7 Qf5 22. Qe2 h5 23. h3 Rec8 24. Rxc8+ Rxc8 25. Rc2 Qd7 26. Bf1 b5 27. Rxc8+
Qxc8 28. Qd2 g6 29. Nd1 Nc4 30. Qc1 a6 31. Nc3 Kg7 32. a4 Qc6 33. axb5 axb5 34.
Qa1 Ne8 35. Be2 Nc7 36. g4 hxg4 37. hxg4 Ne8 38. Qa7 Nxe3 39. Qc5 Qxc5 40. dxc5
d4 41. Nxb5 Nd5 42. Nxd4 Nxb4 43. g5 Nc7 44. Kg2 f5 45. gxf6+ Kxf6 46. Kg3 Ke5
47. Nb3 Nd3 48. Bxd3 exd3 49. Kf3 Nd5 50. c6 Kd6 51. Ke4 Nb4 52. Kd4 1/2-1/2

[Event "47th IT Bosna 2017"]
[Site "Sarajevo"]
[Date "2017.05.15"]
[Round "4.18"]
[White "Bucan, Eldin"]
[Black "Bistric, Faruk"]
[Result "0-1"]
[WhiteElo "2126"]
[BlackElo "2349"]
[PlyCount "82"]
[EventDate "2017.05.13"]

1. e4 c5 2. Nf3 e6 3. d4 cxd4 4. Nxd4 a6 5. c4 Nf6 6. Nc3 Qc7 7. Qd3 d6 8. Be2
Nbd7 9. Qg3 b6 10. O-O Bb7 11. f3 Rg8 12. Be3 g5 13. h3 Nh5 14. Qh2 Bg7 15. g4
Be5 16. Qf2 Nf4 17. Bxf4 Bxf4 18. Rfd1 h5 19. Kg2 Ke7 20. Rh1 Ne5 21. b3 Rh8
22. Rad1 Ng6 23. Bd3 Be5 24. Nce2 Rh6 25. Nc2 hxg4 26. hxg4 Rah8 27. Rxh6 Rxh6
28. Rh1 Nh4+ 29. Kf1 Rf6 30. Rxh4 gxh4 31. g5 Rg6 32. Qxh4 Rg8 33. f4 Bb2 34.
f5 Ke8 35. f6 Qc5 36. g6 Rxg6 37. Qh8+ Kd7 38. e5 Rg2 39. Ncd4 Bxd4 40. Qf8
Rf2+ 41. Ke1 Qa5+ 0-1

[Event "47th IT Bosna 2017"]
[Site "Sarajevo"]
[Date "2017.05.15"]
[Round "4.19"]
[White "Arapovic, Vitomir"]
[Black "Hrescak, Ivana"]
[Result "1/2-1/2"]
[WhiteElo "2330"]
[BlackElo "2111"]
[PlyCount "103"]
[EventDate "2017.05.13"]

1. Nf3 Nf6 2. g3 g6 3. b3 Bg7 4. Bb2 d6 5. d4 O-O 6. Bg2 c5 7. O-O Nbd7 8. c4
Rb8 9. Nc3 a6 10. dxc5 Nxc5 11. Nd4 Bd7 12. Rc1 Qe8 13. b4 Na4 14. Nxa4 Bxa4
15. Qd3 Qd7 16. Nb3 Bc6 17. Rfd1 Rfd8 18. f3 Qc7 19. Bd4 b6 20. e4 Qb7 21. Qe3
Nd7 22. Bxg7 Kxg7 23. Nd4 Ba4 24. Re1 Rdc8 25. f4 e5 26. Nf3 f6 27. Bh3 Rd8 28.
Be6 Bc6 29. g4 Nf8 30. Bd5 Bxd5 31. cxd5 Rbc8 32. g5 fxg5 33. fxe5 g4 34. Nd4
dxe5 35. Rxc8 Rxc8 36. Nc6 Re8 37. Rf1 h5 38. Qg3 Qc7 39. Qd3 Nh7 40. Qxa6 Ng5
41. Qe2 Rf8 42. Rxf8 Kxf8 43. Qe3 Nh3+ 44. Kf1 Qf7+ 45. Ke1 Nf4 46. Kd1 Nxd5
47. Qd3 Ne3+ 48. Ke1 Ng2+ 49. Kd1 Ne3+ 50. Ke1 Ng2+ 51. Kd1 Ne3+ 52. Ke1
1/2-1/2

[Event "47th IT Bosna 2017"]
[Site "Sarajevo"]
[Date "2017.05.15"]
[Round "4.20"]
[White "Ozen, Bahadir"]
[Black "Sahin, Doga Boran"]
[Result "1-0"]
[WhiteElo "2289"]
[BlackElo "2060"]
[PlyCount "115"]
[EventDate "2017.05.13"]

1. g3 d5 2. Bg2 c6 3. Nf3 Nf6 4. c4 Bf5 5. cxd5 cxd5 6. Qb3 Qc8 7. Nc3 e6 8. d3
Nc6 9. O-O Be7 10. Bf4 O-O 11. Rfc1 Qd7 12. Na4 Na5 13. Qd1 Rfc8 14. Bd2 Nc6
15. Nc5 Qc7 16. b4 b6 17. Nxe6 Bxe6 18. b5 Qb7 19. bxc6 Rxc6 20. Rxc6 Qxc6 21.
Nd4 Qd7 22. Nxe6 Qxe6 23. Rc1 Rc8 24. Bf3 h6 25. Qa4 Rxc1+ 26. Bxc1 Qc8 27. Bb2
a6 28. Bxf6 Bxf6 29. Bxd5 b5 30. Qe4 Qd8 31. Bb3 a5 32. Qb7 Qe8 33. Bd5 b4 34.
e3 Qe7 35. Qb5 Qd8 36. Bb3 g6 37. Kg2 Kg7 38. d4 h5 39. h3 Qc7 40. Qd5 Qa7 41.
Qc6 Qe7 42. Kf1 Qd8 43. Ke2 Be7 44. Qc4 Qe8 45. Qa6 Qd8 46. Qa7 Kf8 47. Qb7 Qd6
48. f4 Qf6 49. Qd5 Bd8 50. g4 hxg4 51. hxg4 Kg7 52. g5 Qe7 53. Qh1 Qd6 54. Qh6+
Kg8 55. f5 Qc6 56. Kf2 Bxg5 57. Qxg5 a4 58. Qxg6+ 1-0

[Event "47th IT Bosna 2017"]
[Site "Sarajevo"]
[Date "2017.05.15"]
[Round "4.21"]
[White "Miladinovic, Zlatko"]
[Black "Ozates, Tuna"]
[Result "1/2-1/2"]
[WhiteElo "2077"]
[BlackElo "2286"]
[PlyCount "110"]
[EventDate "2017.05.13"]

1. Nf3 c5 2. c4 Nc6 3. Nc3 g6 4. g3 Bg7 5. Bg2 d6 6. O-O e5 7. d3 Nge7 8. Rb1
O-O 9. a3 a5 10. Bd2 h6 11. Nb5 d5 12. Qc1 e4 13. dxe4 dxe4 14. Ne1 Nf5 15. Nc2
Re8 16. Bf4 g5 17. Rd1 Nfd4 18. Ncxd4 Nxd4 19. Nxd4 cxd4 20. Be3 Bg4 21. Rd2
Bxe2 22. Bxd4 Bxd4 23. Rxe2 f5 24. Qc2 h5 25. Kh1 Qf6 26. f3 e3 27. f4 gxf4 28.
Rf1 fxg3 29. Qxf5 Qxf5 30. Rxf5 h4 31. hxg3 hxg3 32. Rg5+ Kf7 33. Rxg3 Kf6 34.
Bxb7 Rh8+ 35. Kg2 Rag8 36. Bd5 Rxg3+ 37. Kxg3 Ke5 38. b4 axb4 39. axb4 Rb8 40.
b5 Bc5 41. Kf3 Rf8+ 42. Kg3 Kd4 43. Be6 Kd3 44. Bg4 Bd6+ 45. Kg2 Rf4 46. Bh5
Rh4 47. Bf3 Rh2+ 48. Kf1 Rh3 49. Bg4 Rg3 50. Bh5 Bc5 51. Rg2 Rxg2 52. Kxg2 e2
53. Bxe2+ Kxe2 54. b6 Bxb6 55. c5 Bxc5 1/2-1/2

[Event "47th IT Bosna 2017"]
[Site "Sarajevo"]
[Date "2017.05.15"]
[Round "4.22"]
[White "Slamar, Velimir"]
[Black "Aakanksha, Hagawane"]
[Result "1/2-1/2"]
[WhiteElo "2059"]
[BlackElo "2283"]
[PlyCount "98"]
[EventDate "2017.05.13"]

1. d4 Nf6 2. Nf3 g6 3. c4 Bg7 4. Nc3 d5 5. cxd5 Nxd5 6. e4 Nxc3 7. bxc3 c5 8.
Bb5+ Nd7 9. O-O O-O 10. Rb1 Qc7 11. Qe2 a6 12. Bd3 Nb6 13. Be3 Na4 14. Rbc1 b5
15. c4 b4 16. d5 e6 17. Qd2 exd5 18. Bf4 Qd8 19. cxd5 Re8 20. h3 Bd7 21. Bg5
Qb6 22. Bh6 Bc3 23. Qf4 Qf6 24. Qc7 Qd8 25. Qf4 Nb2 26. Bb1 Bb5 27. Rxc3 bxc3
28. Rc1 Ra7 29. Rxc3 Na4 30. Re3 Nb6 31. Bg5 Qb8 32. Qh4 Nd7 33. e5 Be2 34.
Bxg6 fxg6 35. Rxe2 Qb5 36. Re1 Qb4 37. Re4 Qb1+ 38. Kh2 Qxa2 39. e6 Nb6 40. Ne5
Qxd5 41. Ng4 Rxe6 42. Nf6+ Rxf6 43. Bxf6 Qf7 44. f4 Nd5 45. Bb2 Ra8 46. Qg5 Qf5
47. Qh6 Qf7 48. Qg5 Qf5 49. Qh6 Qf7 1/2-1/2

[Event "47th IT Bosna 2017"]
[Site "Sarajevo"]
[Date "2017.05.15"]
[Round "4.23"]
[White "Urh, Zala"]
[Black "Maksimovic, Bojan"]
[Result "0-1"]
[WhiteElo "2036"]
[BlackElo "2269"]
[PlyCount "100"]
[EventDate "2017.05.13"]

1. d4 Nf6 2. c4 c5 3. d5 b5 4. cxb5 a6 5. f3 axb5 6. e4 Qa5+ 7. b4 cxb4 8. Nd2
d6 9. Nb3 Qb6 10. Qd3 Bd7 11. Be3 Qb7 12. Ne2 g6 13. Ned4 Bg7 14. Be2 O-O 15.
O-O Rc8 16. Rfc1 Rxc1+ 17. Rxc1 Rxa2 18. Nxb5 Rxe2 19. Qxe2 Bxb5 20. Qc2 Ba6
21. Na5 Qb5 22. Qc7 h6 23. Qb6 Qxb6 24. Bxb6 Nfd7 25. Ba7 Bc3 26. Kf2 Ne5 27.
Ke3 Nbd7 28. Bd4 Nd3 29. Rb1 Bxd4+ 30. Kxd4 N7c5 31. Nc6 b3 32. Nxe7+ Kf8 33.
Nc6 Nf4 34. Ke3 Nxg2+ 35. Kd2 Bd3 36. Rb2 Bc2 37. Nd4 Na4 38. Rxc2 bxc2 39.
Kxc2 Nf4 40. Kd2 Nc5 41. Ke3 Nh5 42. Nb5 Ke7 43. Kd4 Nd7 44. Ke3 Ng7 45. f4 f5
46. Na7 fxe4 47. Kxe4 Nf6+ 48. Kd4 Nf5+ 49. Kc4 Ne3+ 50. Kd4 Nexd5 0-1

[Event "47th IT Bosna 2017"]
[Site "Sarajevo"]
[Date "2017.05.15"]
[Round "4.24"]
[White "Hodzic, Nihad"]
[Black "Petrovic, Marija"]
[Result "1-0"]
[WhiteElo "2266"]
[BlackElo "2083"]
[PlyCount "113"]
[EventDate "2017.05.13"]

1. d4 d5 2. c4 c6 3. Nc3 Nf6 4. e3 Qb6 5. Qc2 Na6 6. a3 g6 7. cxd5 Nxd5 8. Nf3
Bg7 9. Na4 Qc7 10. Bd2 Nb8 11. Bc4 e6 12. Bd3 Nd7 13. O-O O-O 14. Rfe1 N5b6 15.
Nc3 Nd5 16. Ne2 c5 17. e4 Ne7 18. Rac1 Qb6 19. Be3 Nc6 20. d5 exd5 21. exd5 Nd4
22. Nexd4 cxd4 23. Bf4 Qf6 24. Qc7 h6 25. Bd6 Nb6 26. Be7 Nxd5 27. Bxf6 Nxc7
28. Bxg7 Kxg7 29. Rxc7 Kf6 30. Ree7 Be6 31. Rxb7 Rfb8 32. Rxa7 Rxa7 33. Rxa7
Rxb2 34. Kf1 Rb3 35. Ke2 Bg4 36. Ra6+ Ke7 37. a4 Ra3 38. Bc2 Ra2 39. Kd1 d3 40.
Bxd3 Rxf2 41. Ra7+ Kf8 42. Be2 Rxg2 43. a5 Be6 44. a6 Rg4 45. Rc7 Ra4 46. Ne5
Ra1+ 47. Kd2 Ra2+ 48. Ke3 Ra3+ 49. Kd4 Ra4+ 50. Kc5 Re4 51. Bf3 Rxe5+ 52. Kb6
Re3 53. a7 Rb3+ 54. Kc5 Rc3+ 55. Kd6 Rd3+ 56. Ke5 Re3+ 57. Kd4 1-0

[Event "47th IT Bosna 2017"]
[Site "Sarajevo"]
[Date "2017.05.15"]
[Round "4.25"]
[White "Nezirovic, Ozren"]
[Black "Zarkovic, Mila"]
[Result "1/2-1/2"]
[WhiteElo "2013"]
[BlackElo "2251"]
[PlyCount "91"]
[EventDate "2017.05.13"]

1. e4 c5 2. Nf3 d6 3. d4 cxd4 4. Nxd4 Nf6 5. Nc3 e6 6. g4 h6 7. h3 a6 8. Be3 b5
9. a3 Bb7 10. Bg2 Qc7 11. f4 Nfd7 12. f5 e5 13. Nb3 Be7 14. h4 Nb6 15. Na5 Na4
16. Nxa4 Qxa5+ 17. Nc3 Nd7 18. Kf2 Rc8 19. g5 Qc7 20. Qh5 Nc5 21. Rac1 Nd7 22.
Ne2 Nb6 23. gxh6 gxh6 24. f6 Bxf6 25. Qf5 Be7 26. b3 Nd7 27. Bf3 Nf6 28. c4 Qd7
29. Qxd7+ Kxd7 30. Ng3 bxc4 31. bxc4 h5 32. Bg5 Ng4+ 33. Bxg4+ hxg4 34. Bxe7
Kxe7 35. Nf5+ Ke6 36. Ke3 d5 37. cxd5+ Bxd5 38. h5 Rxc1 39. Rxc1 Kf6 40. exd5
Kxf5 41. Rf1+ Kg5 42. Rxf7 Kxh5 43. Rg7 Rh6 44. Ke4 Rg6 45. Rh7+ Kg5 46. Kxe5
1/2-1/2

[Event "47th IT Bosna 2017"]
[Site "Sarajevo"]
[Date "2017.05.15"]
[Round "4.26"]
[White "Eric, Jovana"]
[Black "Cunjalo, Faris"]
[Result "1/2-1/2"]
[WhiteElo "2237"]
[BlackElo "2042"]
[PlyCount "97"]
[EventDate "2017.05.13"]

1. e4 c6 2. d4 d5 3. e5 Bf5 4. Be3 e6 5. Nd2 Nd7 6. c3 Bg6 7. f4 Nh6 8. Ngf3
Ng4 9. Bg1 h5 10. h3 Nh6 11. Bf2 Nf5 12. Be2 Be7 13. O-O h4 14. c4 dxc4 15.
Nxc4 Nb6 16. Nxb6 axb6 17. Qb3 O-O 18. Rfd1 b5 19. Bd3 Ra4 20. a3 Qd7 21. Kh2
Re8 22. Rac1 Qd8 23. Bb1 Bh7 24. Rd2 Nh6 25. Ba2 Be4 26. Qd1 Nf5 27. Bb3 Ra8
28. Qe2 Bd5 29. Bc2 b4 30. axb4 Bxb4 31. Rdd1 Be7 32. Bd3 Bb3 33. Rg1 g6 34.
Qe1 Ra2 35. Rb1 Kg7 36. Qc3 Bd5 37. Ra1 Rxa1 38. Rxa1 Rh8 39. Nd2 Qc7 40. Ne4
Bxe4 41. Bxe4 Rd8 42. Rd1 Qc8 43. Qe1 Rh8 44. Rd3 Qd7 45. Qa1 Rd8 46. Qa7 Qc8
47. Rc3 Qa8 48. Qb6 Rd7 49. Rd3 1/2-1/2

[Event "47th IT Bosna 2017"]
[Site "Sarajevo"]
[Date "2017.05.15"]
[Round "4.27"]
[White "Dedic, Nedzad"]
[Black "Sukovic, Andrej"]
[Result "1/2-1/2"]
[WhiteElo "1940"]
[BlackElo "2236"]
[PlyCount "120"]
[EventDate "2017.05.13"]

1. e4 c5 2. Nf3 d6 3. Nc3 Nf6 4. h3 h5 5. Bc4 e6 6. d3 Be7 7. e5 dxe5 8. Nxe5
Nbd7 9. f4 Nxe5 10. fxe5 Nd7 11. Bf4 Bh4+ 12. Kd2 Bg5 13. Qf1 Nxe5 14. Bb5+ Kf8
15. Qf2 Bxf4+ 16. Qxf4 Ng6 17. Qe3 Qd4 18. Ne4 Qb4+ 19. Nc3 a6 20. Bc4 Kg8 21.
Raf1 Bd7 22. a3 Qa5 23. Kc1 Qc7 24. Ne4 b6 25. Rf2 Qe5 26. Qf3 Rf8 27. Bxa6 Bc6
28. Rhf1 Bd5 29. Qg3 Bxe4 30. Qxe5 Nxe5 31. dxe4 Rd8 32. Rd2 Rxd2 33. Kxd2 Kf8
34. Kc3 Ke7 35. Rd1 f6 36. Be2 g6 37. a4 Ra8 38. Bb5 Rc8 39. b3 f5 40. exf5
gxf5 41. Re1 Kf6 42. Rd1 Ke7 43. Re1 Ng6 44. Bd3 Kf6 45. g4 hxg4 46. hxg4 fxg4
47. Bxg6 Kxg6 48. Rxe6+ Kf5 49. Re1 g3 50. Kc4 Kf4 51. Kb5 Rb8 52. Kc6 Kf3 53.
Kc7 Kf2 54. Rd1 Re8 55. Rd6 g2 56. Rf6+ Ke2 57. Rg6 Kf1 58. Rf6+ Ke1 59. Rg6
Kf2 60. Rf6+ Kg3 1/2-1/2

[Event "47th IT Bosna 2017"]
[Site "Sarajevo"]
[Date "2017.05.15"]
[Round "4.28"]
[White "Nikolic, Nebojsa"]
[Black "Alaz, Ahmet Efekan"]
[Result "1/2-1/2"]
[WhiteElo "2378"]
[BlackElo "1965"]
[PlyCount "150"]
[EventDate "2017.05.13"]

1. d4 d5 2. Bf4 Nf6 3. e3 Bg4 4. f3 Bh5 5. Nc3 Bg6 6. g4 e6 7. h4 h6 8. Bd3
Bxd3 9. Qxd3 a6 10. O-O-O Bb4 11. Nge2 Nc6 12. g5 Nh5 13. e4 Bxc3 14. Qxc3 Nxf4
15. Nxf4 hxg5 16. exd5 gxf4 17. dxc6 bxc6 18. Qxc6+ Ke7 19. Qc5+ Qd6 20. Qg5+
Kf8 21. Rhg1 Rh7 22. Rg4 Rb8 23. Qxf4 Rb5 24. Qe3 Rbh5 25. Rh1 Qe7 26. Qb3 f5
27. Rg6 R7h6 28. Rxh6 Rxh6 29. f4 Rxh4 30. Qb8+ Kf7 31. Rxh4 Qxh4 32. Qxc7+ Kg6
33. b3 Kh5 34. Kb2 Qf2 35. Qe5 Kg4 36. Qxg7+ Kxf4 37. Qe5+ Kg4 38. a4 Qd2 39.
a5 f4 40. Qxe6+ Kg3 41. Qe5 Kg2 42. Qg5+ Kh3 43. d5 Qd4+ 44. Ka2 f3 45. Qh5+
Kg2 46. Qg6+ Kh2 47. Qxa6 f2 48. Qh6+ Kg3 49. Qg6+ Qg4 50. Qd3+ Kg2 51. Qd2 Kg3
52. Qd3+ Qf3 53. Qg6+ Qg4 54. Qd3+ Kg2 55. Qd2 Kg1 56. Qe3 Qf5 57. d6 Qxa5+ 58.
Kb2 Qf5 59. Qd4 Qd7 60. Qc5 Qg7+ 61. c3 Qg4 62. Qe3 Kg2 63. Qd2 Qd7 64. Qg5+
Kh1 65. Qh4+ Kg2 66. Qe4+ Kh2 67. Qf3 Kg1 68. Qg3+ Kf1 69. b4 Ke2 70. Qe5+ Kf3
71. Qe7 Qf5 72. Qb7+ Kg3 73. Qg7+ Kf3 74. Qb7+ Kg3 75. Qg7+ Kf3 1/2-1/2

[Event "47th IT Bosna 2017"]
[Site "Sarajevo"]
[Date "2017.05.15"]
[Round "4.29"]
[White "Marjanovic, Dejan"]
[Black "Lakovic, Igor"]
[Result "1/2-1/2"]
[WhiteElo "2412"]
[BlackElo "2009"]
[PlyCount "59"]
[EventDate "2017.05.13"]

1. d4 e6 2. Nf3 Nf6 3. c4 b6 4. g3 Ba6 5. Nbd2 Bb7 6. Bg2 d5 7. Ne5 Bd6 8. Qa4+
Nfd7 9. Nd3 O-O 10. cxd5 exd5 11. O-O c5 12. dxc5 bxc5 13. Nf3 Re8 14. Qc2 Nc6
15. b3 Qe7 16. e3 a5 17. Bb2 Nb4 18. Nxb4 axb4 19. Rfd1 h6 20. Nh4 Qe6 21. Nf3
Bf8 22. Rd2 Nf6 23. Bxf6 Qxf6 24. Rad1 g6 25. Nh4 Red8 26. Bxd5 Bxd5 27. Rxd5
Rxd5 28. Rxd5 Qa1+ 29. Kg2 Rxa2 30. Qe4 1/2-1/2